College Football Sudden Death by State: Mississippi - Statistics

General Stats
  • This quiz has been taken 56 times
  • The average score is 4 of 6
Answers on the Grid
Answers color-coded by a green-red scale on the quiz's grid according to % correct below.
 
Answer Stats
Answer % Correct
University of Mississippi
(Oxford, MS)
89%
Mississippi State University
(Starkville, MS)
89%
Jackson State University
(Jackson, MS)
68%
University of Southern Mississippi
(Hattiesburg, MS)
66%
Mississippi Valley State University
(Itta Bena, MS)
58%
Alcorn State University
(Alcorn, MS)
47%
No matching quizzes found
Score Distribution
Percent of People with Each Score
Percentile by Number Answered
Your Score History
You have not taken this quiz